Cinéma italien : les westerns spaghetti - Statistiques

Statistiques générales
  • Ce quiz a été pris 109 fois
  • Le résultat moyen est 10 sur 20
Statistiques - réponses
Questions Réponses % Correct
Acteur américain qui joua dans les trois premiers films du genre réalisés par le précédent : "Pour une poignée de dollars", "Et pour quelques dollars de plus" et "Le bon, la brute et le truand". Clint Eastwood
95%
Cinéaste italien qui lança le genre en 1964 avec Pour une poignée de dollars. Sergio Leone
94%
Compositeur romain de la bande originale de nombreux films du genre parmi lesquels "Et pour quelques dollars de plus", "Le bon, la brute et le truand" ou encore "Il était une fois dans l'Ouest". Ennio Morricone
88%
Complétez cette réplique de Tuco (Eli Wallach) dans la version française de "Le bon, la brute et le truand" : "Quand on tire, on ne raconte pas sa ___". Vie
80%
Instrument de musique dont jouait en permanence le personnage de Charles Bronson dans "Il était une fois dans l'Ouest". L'harmonica
76%
Région espagnole où la majorité des films du genre ont été tournés (intégralement ou partiellement) comme "Pour une poignée de dollars", "Le bon la brute et le truand" ou "Il était une fois dans l'Ouest". L'Andalousie
68%
Complétez cette réplique de Blondin (acteur : réponse #2) dans la version française de "Le bon, la brute et le truand" : "Le monde se divise en deux catégories : ceux qui ont un pistolet chargé et ceux qui ____nt. Toi, tu ____s." Creuse
65%
À une trentaine de kilomètres au nord de la ville précédente se trouve le _____ de Tabernas, le seul _____ d'Europe occidentale dont les paysages ressemblent à ce point à ceux du Texas et du Mexique qu'il a servi de cadre à la majorité des films du genre. Désert
60%
Artiste chargé de remplacer un acteur pour le tournage d'une scène à risque ou nécessitant une habileté physique particulière. Le film précédent montre ces artistes qui amusent les touristes dans la région du sud de l'Espagne où furent jadis tournés la plupart des westerns spaghetti. Un cascadeur
49%
Réalisateur japonais dont le film Yojimbo a été adapté en western avec "Pour une poignée de dollars" et même été plagié. Akira Kurosawa
47%
Duo d'acteurs italiens qui ont renouvelé le genre avec le réalisateur Enzo Barboni, en inventant des westerns comiques sans effusion de sang. Terence Hill
47%
Duo d'acteurs italiens qui ont renouvelé le genre avec le réalisateur Enzo Barboni, en inventant des westerns comiques sans effusion de sang. Bud Spencer
46%
Rebelle mexicain du début du XXe siècle qui donna son nom à un sous-genre du Western spaghetti dans lequel les péons mexicains volent la vedettes aux gringos américains. "El Chuncho" de Damiano Damiani avait initié ce genre dont Sergio Sollima était passé maître avec "Colorado" ou "Saludos Hombre". Emiliano Zapata Salazar
38%
Arme "du pauvre" que maniait à la perfection ce péon mexicain dans "Colorado" et "Saludos Hombre" de Sergio Sollima. Le couteau
38%
Complétez cette réplique de Charles Bronson dans la version française du film "Il était une fois dans l'Ouest" : "J'ai vu trois de ces cache-______ tout à l'heure, ils attendaient un train... Y avait trois hommes à l'intérieur des cache-______. [...] À l'intérieur des hommes, il y avait trois balles." Poussière
38%
Acteur cubain qui incarnait justement le peon mexicain dans "Colorado" ou "Saludos Hombre" de Sergio Sollima ou encore dans "Compañeros" de Sergio Corbucci. Tomás Milián
21%
Ville de cette région baptisée "capitale du cinéma" par le Hollywood Reporter en 1968, grâce aux Westerns spaghetti. Almérie
20%
Compositeur argentin d'origine russe à qui l'on doit la bande originale des films "Django", "El Chuncho" ou encore "Le Grand Duel". Luis Enríquez Bacalov
12%
Réserve nationale de l'Arizona dans laquelle ont été tournées quelques scènes du film "Il était une fois dans l'Ouest". Monument Valley
11%
Film espagnol d'Álex de la Iglesia sorti en 2002 qui rend hommage au genre. 800 Balles
4%
Aucun quiz correspondant
Distribution des résultats
% des personnes avec chaque résultat
Percentile par nombre de réponses
Votre historique - résultats
Vous n’avez pas pris ce quiz